[Event "Oberliga Ost B 2016 2017"]
[Site "Germany"]
[Date "2017.04.23"]
[Round "9.3"]
[White "Legde, Georg"]
[Black "Alber, Horst"]
[Result "1-0"]
[WhiteElo "2309"]
[BlackElo "2318"]
[PlyCount "69"]
[EventDate "2016.10.16"]
[EventType "team-tourn"]
[EventCountry "GER"]
[WhiteTeam "Moerlenbach Birkenau Freibauer"]
[BlackTeam "Marburg SK"]
[WhiteTeamCountry "GER"]
[BlackTeamCountry "GER"]

1. d4 Nf6 2. c4 g6 3. g3 Bg7 4. Bg2 c6 5. Nf3 O-O 6. O-O d6 7. Nc3 Nbd7 8. e3
e5 9. a4 a5 10. b3 Qb6 11. Ba3 exd4 12. exd4 Ne8 13. Ne4 Qc7 14. Qd2 f5 15. Nc3
Ndf6 16. Rae1 Ng4 17. h3 Bh6 18. Ng5 Qd8 19. f4 Ngf6 20. Kh2 Qb6 21. Re3 Bd7
22. c5 Qc7 23. d5 Rd8 24. dxc6 bxc6 25. cxd6 Qb8 26. Qa2 Kh8 27. Re7 Bg7 28.
Rd1 h6 29. Nf3 Qb6 30. Ne5 Kh7 31. Nc4 Qa7 32. Bxc6 Ne4 33. Nxe4 fxe4 34. Ne5
Qe3 35. Bc1 1-0

[Event "Oberliga Ost B 2016 2017"]
[Site "Germany"]
[Date "2017.04.23"]
[Round "9.4"]
[White "Henrich, Thomas"]
[Black "Dittmar, Peter"]
[Result "1-0"]
[WhiteElo "2212"]
[BlackElo "2266"]
[PlyCount "89"]
[EventDate "2016.10.16"]
[EventType "team-tourn"]
[EventCountry "GER"]
[WhiteTeam "Marburg SK"]
[BlackTeam "Moerlenbach Birkenau Freibauer"]
[WhiteTeamCountry "GER"]
[BlackTeamCountry "GER"]

1. d4 d5 2. c4 e6 3. Nf3 Nf6 4. Bg5 h6 5. Bh4 dxc4 6. Qa4+ Nbd7 7. Nc3 Be7 8.
Rd1 a6 9. Qxc4 b5 10. Qb3 Bb7 11. e3 O-O 12. Be2 c5 13. O-O Ne4 14. Bxe7 Qxe7
15. Nxe4 Bxe4 16. dxc5 Nxc5 17. Qa3 Rfc8 18. Rd4 Bd5 19. e4 Bb7 20. Rfd1 Qf8
21. Qe3 Na4 22. Ne5 Nxb2 23. Rb1 Qc5 24. Nxf7 Kxf7 25. Rd7+ Kg8 26. Qg3 Qc3 27.
Rxb7 Qxg3 28. hxg3 Na4 29. Bg4 Nc5 30. Rb6 Kf7 31. Rc1 Ke7 32. e5 Rc7 33. f4
Raa7 34. Kf1 Kf8 35. Bh5 Ke7 36. Bg6 Kd7 37. Rb8 Rab7 38. Rg8 Kc6 39. Be4+ Kb6
40. Bxb7 Kxb7 41. Ke2 a5 42. Ke3 b4 43. Rc4 Kc6 44. Rb8 Kd5 45. Rd4+ 1-0

[Event "Oberliga Ost B 2016 2017"]
[Site "Germany"]
[Date "2017.04.23"]
[Round "9.5"]
[White "Felgendreher, Heiko"]
[Black "Rolle, Eric"]
[Result "1-0"]
[WhiteElo "2222"]
[BlackElo "2195"]
[PlyCount "51"]
[EventDate "2016.10.16"]
[EventType "team-tourn"]
[EventCountry "GER"]
[WhiteTeam "Moerlenbach Birkenau Freibauer"]
[BlackTeam "Marburg SK"]
[WhiteTeamCountry "GER"]
[BlackTeamCountry "GER"]

1. e4 d6 2. d4 Nf6 3. Nc3 Nbd7 4. f4 e5 5. Nf3 exd4 6. Qxd4 c6 7. Be3 d5 8.
exd5 Bc5 9. Qd3 Qe7 10. Nd4 Nb6 11. dxc6 Nc4 12. cxb7 Bxb7 13. Nf5 Bxe3 14.
Nxe7 Bd2+ 15. Kf2 Be3+ 16. Kg3 Nh5+ 17. Kg4 Nxf4 18. Qxc4 h5+ 19. Kg3 h4+ 20.
Kg4 Rh5 21. Re1 Rg5+ 22. Kxg5 Ne2+ 23. Kg4 Kxe7 24. Qb4+ Ke6 25. Qxb7 f5+ 26.
Kf3 1-0

[Event "Oberliga Ost B 2016 2017"]
[Site "Germany"]
[Date "2017.04.23"]
[Round "9.6"]
[White "Duncker, Joachim"]
[Black "Boehmer, Christian"]
[Result "1-0"]
[WhiteElo "2269"]
[BlackElo "2166"]
[PlyCount "55"]
[EventDate "2016.10.16"]
[EventType "team-tourn"]
[EventCountry "GER"]
[WhiteTeam "Marburg SK"]
[BlackTeam "Moerlenbach Birkenau Freibauer"]
[WhiteTeamCountry "GER"]
[BlackTeamCountry "GER"]

1. e4 d6 2. d4 g6 3. Nc3 Bg7 4. f4 a6 5. Nf3 b5 6. Bd3 c5 7. dxc5 dxc5 8. e5
Bb7 9. O-O Nh6 10. Be4 Qb6 11. Nd5 Bxd5 12. Qxd5 c4+ 13. Qd4 Qxd4+ 14. Nxd4 Ra7
15. Nc6 Rb7 16. Nxb8 Rxb8 17. Bc6+ Kd8 18. Bd2 Kc7 19. Bf3 Rhc8 20. Be3 Re8 21.
g4 f5 22. g5 Nf7 23. a4 Nd8 24. axb5 Rxb5 25. Rfb1 c3 26. bxc3 Nc6 27. Rxb5
axb5 28. Ra6 1-0

[Event "Oberliga Ost B 2016 2017"]
[Site "Germany"]
[Date "2017.04.23"]
[Round "9.7"]
[White "Klings, Peter"]
[Black "Schmidt, Arnd"]
[Result "1/2-1/2"]
[WhiteElo "2147"]
[BlackElo "2139"]
[PlyCount "107"]
[EventDate "2016.10.16"]
[EventType "team-tourn"]
[EventCountry "GER"]
[WhiteTeam "Moerlenbach Birkenau Freibauer"]
[BlackTeam "Marburg SK"]
[WhiteTeamCountry "GER"]
[BlackTeamCountry "GER"]

1. Nf3 d5 2. c4 c6 3. e3 e6 4. Nc3 f5 5. d4 Nf6 6. Be2 Bd6 7. Ne5 O-O 8. f4 Bb4
9. Qb3 Ba5 10. Bd2 Nbd7 11. O-O Nxe5 12. fxe5 Bxc3 13. Bxc3 Ne4 14. Bb4 Rf7 15.
Bd3 a5 16. Bxe4 dxe4 17. Bc5 b5 18. Rf2 bxc4 19. Qa4 Qd5 20. Rc1 h6 21. Bd6 Ba6
22. Qd1 Qb5 23. Qh5 Qb7 24. Qg6 Qd7 25. Rf4 Ra7 26. Rc2 Rb7 27. h4 a4 28. Rcf2
c3 29. bxc3 Bc4 30. Bb4 Qe8 31. h5 Qd8 32. Kh2 Qg5 33. g3 Qd8 34. Kh3 Qg5 35.
Rg2 Rbd7 36. g4 Qxg6 37. hxg6 fxg4+ 38. Kxg4 Rxf4+ 39. Kxf4 Rd8 40. Rf2 Bd5 41.
a3 Rb8 42. Kg3 Rc8 43. Rc2 Bc4 44. Rf2 Bb3 45. Rf7 Bd1 46. Kh4 Bb3 47. Bd6 Bd1
48. Ra7 Kh8 49. Ra5 Kg8 50. Rc5 Bc2 51. c4 Bb3 52. Kg3 Kh8 53. Kh3 Kg8 54. Kg3
1/2-1/2

[Event "Oberliga Ost B 2016 2017"]
[Site "Germany"]
[Date "2017.04.23"]
[Round "9.8"]
[White "Neidhardt, Helge"]
[Black "Schaefer, Michael"]
[Result "1/2-1/2"]
[WhiteElo "2040"]
[BlackElo "2166"]
[PlyCount "64"]
[EventDate "2016.10.16"]
[EventType "team-tourn"]
[EventCountry "GER"]
[WhiteTeam "Marburg SK"]
[BlackTeam "Moerlenbach Birkenau Freibauer"]
[WhiteTeamCountry "GER"]
[BlackTeamCountry "GER"]

1. d4 d5 2. c4 e6 3. Nf3 Nf6 4. Nc3 Be7 5. Bf4 O-O 6. e3 b6 7. Bd3 Bb7 8. O-O
Nbd7 9. cxd5 exd5 10. Ne5 c6 11. e4 dxe4 12. Nxe4 Nd5 13. Bg3 Nxe5 14. dxe5 Bc8
15. Qe2 Be6 16. Rad1 Qd7 17. a3 a5 18. h3 Rad8 19. Kh2 Qa7 20. Qh5 h6 21. Rfe1
b5 22. Qe2 b4 23. Rc1 bxa3 24. bxa3 Bxa3 25. Rxc6 Nb4 26. Rd6 Nxd3 27. Rxd3
Rxd3 28. Qxd3 Be7 29. f4 Qd7 30. Nd6 Bxd6 31. exd6 a4 32. Qa3 Rd8 1/2-1/2

[Event "Oberliga Ost B 2016 2017"]
[Site "Germany"]
[Date "2017.04.23"]
[Round "9.1"]
[White "Chojnacki, Krzysztof"]
[Black "Strache, Michael"]
[Result "1-0"]
[WhiteElo "2385"]
[BlackElo "2310"]
[PlyCount "147"]
[EventDate "2016.10.16"]
[EventType "team-tourn"]
[EventCountry "GER"]
[WhiteTeam "Wiesbadener SV"]
[BlackTeam "Sangerhausen SV"]
[WhiteTeamCountry "GER"]
[BlackTeamCountry "GER"]

1. d4 d6 2. e4 Nf6 3. Nc3 e5 4. dxe5 dxe5 5. Qxd8+ Kxd8 6. Bg5 Be7 7. O-O-O+
Nbd7 8. Bh4 Ng4 9. Bg3 Bc5 10. Rd2 f6 11. Bc4 c6 12. Nf3 Ke7 13. h3 Nh6 14. Bb3
Bb4 15. Ne1 a5 16. a3 Bxc3 17. bxc3 Nc5 18. f3 Nxb3+ 19. cxb3 Be6 20. Kc2 a4
21. bxa4 Rxa4 22. Bf2 Rha8 23. Nd3 Kf7 24. Rb1 Bc8 25. Bc5 Ke8 26. Nb2 R4a5 27.
Bb4 R5a6 28. Nc4 Nf7 29. Bc5 b5 30. Ne3 Nd8 31. c4 Nb7 32. cxb5 cxb5 33. Bb4
Be6 34. Nd5 Rc8+ 35. Kb2 Na5 36. Bxa5 Rxa5 37. Re1 Kf7 38. Re3 Ra7 39. Rb3 Rc5
40. Rbd3 Ra4 41. Rc3 Rcc4 42. Rxc4 bxc4 43. Nc3 Ra7 44. a4 Ke7 45. Ka3 Rb7 46.
Nb5 c3 47. Rc2 Bc4 48. Kb4 Bf1 49. h4 g5 50. hxg5 fxg5 51. g4 Bd3 52. Rxc3 Be2
53. Re3 Bf1 54. Kc5 Rb8 55. Nc7 Rb1 56. Nd5+ Ke6 57. Ra3 Rc1+ 58. Kb4 Rc4+ 59.
Kb3 Rc6 60. Nb4 Rc1 61. Kb2 Rc4 62. Nd5 Rc8 63. a5 Rb8+ 64. Kc2 Bc4 65. a6 Bxd5
66. exd5+ Kxd5 67. a7 Ra8 68. Kd3 h6 69. Ra6 Kc5 70. Ke4 Kb5 71. Ra3 Kb6 72.
Kxe5 Kb7 73. Kf6 Rf8+ 74. Kg7 1-0

[Event "Oberliga Ost B 2016 2017"]
[Site "Germany"]
[Date "2017.04.23"]
[Round "9.2"]
[White "Heyder, Florian"]
[Black "Geske, Julian"]
[Result "0-1"]
[WhiteElo "2161"]
[BlackElo "2399"]
[PlyCount "76"]
[EventDate "2016.10.16"]
[EventType "team-tourn"]
[EventCountry "GER"]
[WhiteTeam "Sangerhausen SV"]
[BlackTeam "Wiesbadener SV"]
[WhiteTeamCountry "GER"]
[BlackTeamCountry "GER"]

1. e4 e5 2. Nf3 Nc6 3. Bc4 Nf6 4. d4 exd4 5. O-O Nxe4 6. Re1 d5 7. Bxd5 Qxd5 8.
Nc3 Qh5 9. Nxe4 Be6 10. Bg5 Bd6 11. Nxd6+ cxd6 12. Bf4 Qd5 13. c3 h6 14. Nxd4
Nxd4 15. Qxd4 Qxd4 16. cxd4 Kd7 17. a3 Rac8 18. Rac1 Bd5 19. Bd2 g5 20. f3 f6
21. Rc3 Rxc3 22. Bxc3 h5 23. h3 Rg8 24. Kf2 Rg7 25. Rh1 h4 26. Bd2 f5 27. Bc3
b6 28. Bd2 Rg8 29. g3 g4 30. hxg4 fxg4 31. Rxh4 gxf3 32. Rh1 Re8 33. Re1 Rh8
34. Bc3 Rh2+ 35. Ke3 Rg2 36. Rf1 Re2+ 37. Kd3 Be4+ 38. Kc4 f2 0-1

[Event "Oberliga Ost B 2016 2017"]
[Site "Germany"]
[Date "2017.04.23"]
[Round "9.3"]
[White "Nehmert, Ulrich"]
[Black "Guenther, Christian"]
[Result "1-0"]
[WhiteElo "2324"]
[BlackElo "2161"]
[PlyCount "47"]
[EventDate "2016.10.16"]
[EventType "team-tourn"]
[EventCountry "GER"]
[WhiteTeam "Wiesbadener SV"]
[BlackTeam "Sangerhausen SV"]
[WhiteTeamCountry "GER"]
[BlackTeamCountry "GER"]

1. e4 Nf6 2. Nc3 d5 3. e5 Nfd7 4. Nxd5 Nxe5 5. Ne3 g6 6. d4 Ned7 7. h4 Nf6 8.
Nf3 Bg7 9. Bc4 Nbd7 10. Bxf7+ Kxf7 11. Ng5+ Kg8 12. Ne6 Qe8 13. Nxc7 Qd8 14.
Nxa8 Nf8 15. Qf3 Qd7 16. Qe2 Ne6 17. c3 b5 18. a4 Bb7 19. axb5 Bxa8 20. b6 a6
21. Rxa6 Bb7 22. Ra7 h6 23. Nc4 Kh7 24. O-O 1-0

[Event "Oberliga Ost B 2016 2017"]
[Site "Germany"]
[Date "2017.04.23"]
[Round "9.4"]
[White "Richter, Dustin"]
[Black "Gottschalk, Jens"]
[Result "1/2-1/2"]
[WhiteElo "2130"]
[BlackElo "2282"]
[PlyCount "96"]
[EventDate "2016.10.16"]
[EventType "team-tourn"]
[EventCountry "GER"]
[WhiteTeam "Sangerhausen SV"]
[BlackTeam "Wiesbadener SV"]
[WhiteTeamCountry "GER"]
[BlackTeamCountry "GER"]

1. Nf3 Nf6 2. g3 d5 3. Bg2 c6 4. O-O Bg4 5. d3 Nbd7 6. Nbd2 e5 7. e4 dxe4 8.
dxe4 Bc5 9. Qe2 O-O 10. Nb3 Be7 11. Rd1 Qc7 12. h3 Bh5 13. Bd2 Rfe8 14. a4 Bf8
15. Bc3 Rac8 16. Qe3 c5 17. Nbd2 b6 18. Bf1 Qb7 19. Re1 a6 20. b3 b5 21. axb5
axb5 22. Ra5 Qc6 23. Rea1 c4 24. bxc4 b4 25. Bb2 Bc5 26. Qe2 Ra8 27. Rxa8 Rxa8
28. Rxa8+ Qxa8 29. g4 Bg6 30. Nxe5 Nxe5 31. Bxe5 Nxe4 32. Nxe4 Bxe4 33. Qd2 h6
34. Bf4 Qc6 35. Be3 Bxe3 36. fxe3 Qc5 37. Kf2 Qe5 38. Kg1 Qe8 39. Bg2 Bxg2 40.
Kxg2 Qe4+ 41. Kf2 Qxc4 42. Ke1 g6 43. Kf2 h5 44. gxh5 Qh4+ 45. Kg2 Qxh5 46.
Qxb4 Qe2+ 47. Kh1 Qd1+ 48. Kg2 Qe2+ 1/2-1/2

[Event "Oberliga Ost B 2016 2017"]
[Site "Germany"]
[Date "2017.04.23"]
[Round "9.7"]
[White "Kayser, Felix"]
[Black "Hillmann, Michael"]
[Result "1/2-1/2"]
[WhiteElo "2171"]
[BlackElo "2162"]
[PlyCount "40"]
[EventDate "2016.10.16"]
[EventType "team-tourn"]
[EventCountry "GER"]
[WhiteTeam "Wiesbadener SV"]
[BlackTeam "Sangerhausen SV"]
[WhiteTeamCountry "GER"]
[BlackTeamCountry "GER"]

1. e4 d5 2. exd5 Qxd5 3. Nc3 Qd6 4. Nf3 Nf6 5. Bc4 c6 6. O-O Bg4 7. h3 Bh5 8.
Re1 Nbd7 9. Be2 e6 10. d3 Be7 11. Rb1 a5 12. g3 Qc7 13. Bf4 Bd6 14. Bxd6 Qxd6
15. Nd2 Bxe2 16. Qxe2 O-O 17. Nde4 Qc7 18. Kg2 a4 19. f4 b5 20. a3 Rfb8 1/2-1/2

[Event "Oberliga Ost B 2016 2017"]
[Site "Germany"]
[Date "2017.04.23"]
[Round "9.8"]
[White "Duchrow, Oliver"]
[Black "Boehmer, Thomas"]
[Result "1-0"]
[WhiteElo "2069"]
[BlackElo "2037"]
[PlyCount "143"]
[EventDate "2016.10.16"]
[EventType "team-tourn"]
[EventCountry "GER"]
[WhiteTeam "Sangerhausen SV"]
[BlackTeam "Wiesbadener SV"]
[WhiteTeamCountry "GER"]
[BlackTeamCountry "GER"]

1. e4 c6 2. d4 d5 3. Nc3 dxe4 4. Nxe4 Bf5 5. Ng3 Bg6 6. N1e2 e6 7. Nf4 Bd6 8.
Nfh5 Bf8 9. Be2 Nd7 10. O-O Ngf6 11. c4 Nxh5 12. Nxh5 Nf6 13. Bg5 Bxh5 14. Bxh5
Be7 15. Bf3 O-O 16. Qb3 Qb6 17. Qxb6 axb6 18. a3 Ra4 19. Rac1 Rd8 20. Rfd1 h6
21. Be3 Rd7 22. g3 Ra8 23. Kf1 b5 24. cxb5 cxb5 25. Be2 b4 26. a4 Nd5 27. Bb5
Rdd8 28. Ke2 Bd6 29. Kd3 Nb6 30. b3 Rac8 31. Rxc8 Rxc8 32. Rc1 Rd8 33. Ke4 Nd5
34. Bd2 Nf6+ 35. Kf3 Kf8 36. Bd3 Ke7 37. Bf1 Nd5 38. Bg2 Rb8 39. Ke2 Kd7 40.
Kd3 b5 41. axb5 Rxb5 42. Ra1 Bb8 43. Ra4 Bd6 44. Ra7+ Nc7 45. Kc4 Rb8 46. Rb7
Re8 47. Bxb4 Bxb4 48. Kxb4 e5 49. Rb6 e4 50. Bh3+ Ke7 51. Kc5 Ne6+ 52. Bxe6
fxe6 53. b4 Rc8+ 54. Rc6 Rf8 55. Rc7+ Kd8 56. Rxg7 Rxf2 57. Rg4 e3 58. Kd6 Kc8
59. Re4 e2 60. h4 Rg2 61. h5 Rxg3 62. Rxe2 Rg4 63. Rxe6 Rxd4+ 64. Kc5 Rd1 65.
Rxh6 Kb7 66. Rh7+ Kc8 67. b5 Rc1+ 68. Kb6 Rh1 69. Rh8+ Kd7 70. Kb7 Ra1 71. h6
Rh1 72. h7 1-0

[Event "Oberliga Ost B 2016 2017"]
[Site "Germany"]
[Date "2017.05.06"]
[Round "10.1"]
[White "Kunin, Vitaly"]
[Black "Teske, Henrik"]
[Result "1/2-1/2"]
[WhiteElo "2595"]
[BlackElo "2487"]
[PlyCount "26"]
[EventDate "2016.10.16"]
[EventType "team-tourn"]
[EventCountry "GER"]
[WhiteTeam "Moerlenbach Birkenau Freibauer"]
[BlackTeam "Erfurt SV Empor"]
[WhiteTeamCountry "GER"]
[BlackTeamCountry "GER"]

1. d4 d5 2. c4 c6 3. e3 Nf6 4. Bd3 e5 5. Nc3 exd4 6. exd4 Be6 7. cxd5 Nxd5 8.
Nf3 Be7 9. O-O Nd7 10. Ne4 N5f6 11. Nfg5 Bd5 12. Nc3 Nb6 13. Bf4 h6 1/2-1/2

[Event "Oberliga Ost B 2016 2017"]
[Site "Germany"]
[Date "2017.05.06"]
[Round "10.2"]
[White "Langheinrich, Ferenc"]
[Black "Galdunts, Sergey"]
[Result "1/2-1/2"]
[WhiteElo "2381"]
[BlackElo "2415"]
[PlyCount "49"]
[EventDate "2016.10.16"]
[EventType "team-tourn"]
[EventCountry "GER"]
[WhiteTeam "Erfurt SV Empor"]
[BlackTeam "Moerlenbach Birkenau Freibauer"]
[WhiteTeamCountry "GER"]
[BlackTeamCountry "GER"]

1. d4 f5 2. Nf3 Nf6 3. g3 e6 4. Bg2 d5 5. c4 c6 6. O-O Bd6 7. b3 Qe7 8. Bb2
Nbd7 9. Qc1 O-O 10. Ba3 b6 11. Bxd6 Qxd6 12. Qb2 Bb7 13. Nbd2 Ne4 14. Rac1 a5
15. Nxe4 fxe4 16. Ne5 Nxe5 17. dxe5 Qe7 18. f3 c5 19. fxe4 d4 20. Qd2 h6 21.
Rxf8+ Rxf8 22. Rf1 Rxf1+ 23. Kxf1 Qf7+ 24. Qf4 g5 25. Qxf7+ 1/2-1/2

[Event "Oberliga Ost B 2016 2017"]
[Site "Germany"]
[Date "2017.05.06"]
[Round "10.3"]
[White "Legde, Georg"]
[Black "Friedrich, Wiede"]
[Result "1/2-1/2"]
[WhiteElo "2309"]
[BlackElo "2302"]
[PlyCount "59"]
[EventDate "2016.10.16"]
[EventType "team-tourn"]
[EventCountry "GER"]
[WhiteTeam "Moerlenbach Birkenau Freibauer"]
[BlackTeam "Erfurt SV Empor"]
[WhiteTeamCountry "GER"]
[BlackTeamCountry "GER"]

1. d4 Nf6 2. c4 e6 3. Nc3 Bb4 4. Qc2 c5 5. dxc5 Bxc5 6. Nf3 Nc6 7. Bg5 b6 8. e3
Bb7 9. Be2 h6 10. Bxf6 Qxf6 11. Rd1 Ne5 12. Nxe5 Qxe5 13. Bf3 Bxf3 14. gxf3 Bb4
15. Rd4 Qa5 16. O-O Bxc3 17. bxc3 Rc8 18. Kh1 O-O 19. Rg1 Kh8 20. Qd2 Rc7 21.
Rxd7 Rxd7 22. Qxd7 Qxa2 23. Qe7 Rg8 24. Kg2 a5 25. Qc7 a4 26. Qxb6 Rc8 27. Qb4
Qxc4 28. Ra1 Qd3 29. Rxa4 Qxc3 30. Qxc3 1/2-1/2

[Event "Oberliga Ost B 2016 2017"]
[Site "Germany"]
[Date "2017.05.06"]
[Round "10.4"]
[White "Urban, Lars"]
[Black "Dittmar, Peter"]
[Result "1/2-1/2"]
[WhiteElo "2196"]
[BlackElo "2266"]
[PlyCount "32"]
[EventDate "2016.10.16"]
[EventType "team-tourn"]
[EventCountry "GER"]
[WhiteTeam "Erfurt SV Empor"]
[BlackTeam "Moerlenbach Birkenau Freibauer"]
[WhiteTeamCountry "GER"]
[BlackTeamCountry "GER"]

1. d4 Nf6 2. c4 e6 3. Nc3 Bb4 4. e3 Nc6 5. Nf3 d6 6. Qc2 O-O 7. Bd3 e5 8. d5
Ne7 9. Bd2 a5 10. a3 Bxc3 11. Bxc3 a4 12. O-O Ng6 13. Nd2 c6 14. dxc6 bxc6 15.
c5 dxc5 16. Bxg6 hxg6 1/2-1/2

[Event "Oberliga Ost B 2016 2017"]
[Site "Germany"]
[Date "2017.05.06"]
[Round "10.5"]
[White "Felgendreher, Heiko"]
[Black "Sieber, Stephan"]
[Result "0-1"]
[WhiteElo "2222"]
[BlackElo "2208"]
[PlyCount "56"]
[EventDate "2016.10.16"]
[EventType "team-tourn"]
[EventCountry "GER"]
[WhiteTeam "Moerlenbach Birkenau Freibauer"]
[BlackTeam "Erfurt SV Empor"]
[WhiteTeamCountry "GER"]
[BlackTeamCountry "GER"]

1. e4 c5 2. Nf3 e6 3. d4 cxd4 4. Nxd4 Nf6 5. Nc3 Bb4 6. e5 Ne4 7. Qg4 Nxc3 8.
a3 Qa5 9. Qxg7 Rf8 10. axb4 Qxa1 11. Nb3 Qb1 12. bxc3 Qxc2 13. Bh6 Qxc3+ 14.
Nd2 Qxb4 15. Bb5 a6 16. O-O axb5 17. Ne4 Kd8 18. Nd6 Nc6 19. Qxf8+ Kc7 20. Rc1
b6 21. Be3 Qb2 22. f4 Qe2 23. Bf2 Qb2 24. Be3 Bb7 25. Ne8+ Kb8 26. Qd6+ Ka7 27.
Qxd7 Nd4 28. Nd6 Qxg2# 0-1

[Event "Oberliga Ost B 2016 2017"]
[Site "Germany"]
[Date "2017.05.06"]
[Round "10.6"]
[White "Pichl, Michael"]
[Black "Boehmer, Christian"]
[Result "0-1"]
[WhiteElo "2055"]
[BlackElo "2166"]
[PlyCount "64"]
[EventDate "2016.10.16"]
[EventType "team-tourn"]
[EventCountry "GER"]
[WhiteTeam "Erfurt SV Empor"]
[BlackTeam "Moerlenbach Birkenau Freibauer"]
[WhiteTeamCountry "GER"]
[BlackTeamCountry "GER"]

1. e4 Nf6 2. d3 d5 3. Nd2 e5 4. Ngf3 Nc6 5. c3 a5 6. b3 Bc5 7. Be2 O-O 8. O-O
Qe7 9. a3 d4 10. c4 Ne8 11. Ne1 g6 12. Nc2 Ng7 13. Rb1 Ne6 14. Nf3 f6 15. Qd2
Nf4 16. Bd1 f5 17. b4 fxe4 18. dxe4 d3 19. bxc5 dxc2 20. Qxc2 Bg4 21. Be3 Ne6
22. Qc3 Bxf3 23. Bxf3 Rxf3 24. gxf3 Ncd4 25. Bxd4 Nxd4 26. Rfe1 Rf8 27. Re3
Qg5+ 28. Kh1 Qh5 29. Rxb7 Rxf3 30. Qxa5 Rxf2 31. Rb8+ Kg7 32. Qxc7+ Kh6 0-1

[Event "Oberliga Ost B 2016 2017"]
[Site "Germany"]
[Date "2017.05.06"]
[Round "10.7"]
[White "Klings, Peter"]
[Black "Nicolai, Tim"]
[Result "1-0"]
[WhiteElo "2147"]
[BlackElo "1851"]
[PlyCount "69"]
[EventDate "2016.10.16"]
[EventType "team-tourn"]
[EventCountry "GER"]
[WhiteTeam "Moerlenbach Birkenau Freibauer"]
[BlackTeam "Erfurt SV Empor"]
[WhiteTeamCountry "GER"]
[BlackTeamCountry "GER"]

1. Nf3 f5 2. d3 d6 3. e4 e5 4. Nc3 Nf6 5. exf5 Bxf5 6. d4 e4 7. Nh4 Bg4 8. Be2
Bxe2 9. Qxe2 d5 10. Qb5+ Nbd7 11. Bg5 c6 12. Qxb7 Rb8 13. Qxc6 Rxb2 14. O-O Rb6
15. Qa4 Qc7 16. Bxf6 Qxc3 17. Be5 Rc6 18. Nf5 Nxe5 19. dxe5 Qxc2 20. Qxa7 Qc5
21. Qa4 Kf7 22. Rab1 g6 23. Nd4 Rc7 24. Nb5 Rc6 25. Nd4 Rc7 26. Rfd1 Be7 27.
Qa6 Rhc8 28. Ne6 Qc2 29. Nxc7 Rxc7 30. Qa8 Rc5 31. Qh8 Ke6 32. Qxh7 Qxa2 33.
Rb6+ Kf5 34. Qxe7 Rc2 35. Qf6+ 1-0

[Event "Oberliga Ost B 2016 2017"]
[Site "Germany"]
[Date "2017.05.06"]
[Round "10.1"]
[White "Chojnacki, Krzysztof"]
[Black "Wehner, Janis"]
[Result "1-0"]
[WhiteElo "2385"]
[BlackElo "2210"]
[PlyCount "97"]
[EventDate "2016.10.16"]
[EventType "team-tourn"]
[EventCountry "GER"]
[WhiteTeam "Wiesbadener SV"]
[BlackTeam "Erfurt SV Medizin"]
[WhiteTeamCountry "GER"]
[BlackTeamCountry "GER"]

1. d4 Nf6 2. c4 g6 3. Nc3 Bg7 4. e4 d6 5. f4 O-O 6. Nf3 c5 7. d5 e6 8. Be2 exd5
9. cxd5 Re8 10. e5 dxe5 11. fxe5 Ng4 12. e6 fxe6 13. d6 Ne5 14. Ne4 Nbc6 15.
O-O Nxf3+ 16. Bxf3 Nd4 17. Bg5 Qb6 18. Rc1 Bd7 19. Nxc5 Qxd6 20. Bxb7 Rab8 21.
Nxd7 Rxb7 22. Nf6+ Bxf6 23. Bxf6 e5 24. Qa4 Qe6 25. Rce1 Rf8 26. Qxd4 Rxf6 27.
Rxf6 Qxf6 28. Rxe5 Kg7 29. h3 a5 30. b3 Rc7 31. Kh2 h5 32. a3 Rf7 33. b4 axb4
34. axb4 Qf4+ 35. Qxf4 Rxf4 36. b5 Rb4 37. Kg3 Kf6 38. Rc5 g5 39. Kf3 Rb2 40.
Rc6+ Ke5 41. Rc5+ Kf6 42. Rd5 Rb3+ 43. Ke4 Rb2 44. h4 gxh4 45. Rxh5 Rxg2 46.
Kd5 Rg5+ 47. Rxg5 Kxg5 48. Ke4 Kg4 49. Ke3 1-0

[Event "Oberliga Ost B 2016 2017"]
[Site "Germany"]
[Date "2017.05.06"]
[Round "10.2"]
[White "Nguyen, Huy Dat"]
[Black "Geske, Julian"]
[Result "0-1"]
[WhiteElo "2174"]
[BlackElo "2399"]
[PlyCount "68"]
[EventDate "2016.10.16"]
[EventType "team-tourn"]
[EventCountry "GER"]
[WhiteTeam "Erfurt SV Medizin"]
[BlackTeam "Wiesbadener SV"]
[WhiteTeamCountry "GER"]
[BlackTeamCountry "GER"]

1. e4 d5 2. exd5 Qxd5 3. Nc3 Qa5 4. d4 Nf6 5. Bc4 Bg4 6. Nge2 Nc6 7. f3 Bf5 8.
Bd2 O-O-O 9. Nd5 Qa4 10. Bb3 Qa6 11. Ne3 Bg6 12. d5 Na5 13. O-O e6 14. Qe1 Nxb3
15. axb3 Qb6 16. Kh1 exd5 17. Nc3 a6 18. Na4 Qc6 19. Qh4 b5 20. c4 bxa4 21.
cxd5 Nxd5 22. Rfc1 Qb7 23. Ba5 Bd6 24. Nxd5 Qxd5 25. Qxa4 Bd3 26. Qg4+ Kb8 27.
Qxg7 Rhg8 28. Qc3 Qe5 29. g3 Qxc3 30. bxc3 Rde8 31. Re1 Rxe1+ 32. Rxe1 Rg5 33.
Re3 Bc2 34. b4 Re5 0-1

[Event "Oberliga Ost B 2016 2017"]
[Site "Germany"]
[Date "2017.05.06"]
[Round "10.3"]
[White "Dubkov, Andrej"]
[Black "Kirschbaum, Gunnar"]
[Result "1-0"]
[WhiteElo "2283"]
[BlackElo "2141"]
[PlyCount "87"]
[EventDate "2016.10.16"]
[EventType "team-tourn"]
[EventCountry "GER"]
[WhiteTeam "Wiesbadener SV"]
[BlackTeam "Erfurt SV Medizin"]
[WhiteTeamCountry "GER"]
[BlackTeamCountry "GER"]

1. d4 Nf6 2. Nf3 g6 3. c4 Bg7 4. g3 O-O 5. Bg2 c5 6. O-O cxd4 7. Nxd4 Nc6 8.
Nc3 Qa5 9. Nc2 d6 10. Nd5 Nxd5 11. cxd5 Ne5 12. Bd2 Qd8 13. Bc3 Nd7 14. Bxg7
Kxg7 15. Qd4+ Kg8 16. Rfc1 Qb6 17. Qxb6 Nxb6 18. Nd4 Bd7 19. Rc7 Rab8 20. Rac1
Rfc8 21. f4 Kf8 22. Kf2 Ke8 23. b3 Kd8 24. Rxc8+ Rxc8 25. Rxc8+ Bxc8 26. e4 Nd7
27. Bh3 Nf6 28. Bxc8 Kxc8 29. Kf3 Kc7 30. g4 Kb6 31. g5 Nd7 32. Ke3 a5 33. a3
Nc5 34. e5 Nd7 35. e6 fxe6 36. dxe6 Nc5 37. h3 Kc7 38. f5 d5 39. Kf4 Kd6 40.
Nb5+ Kc6 41. Na7+ Kc7 42. Ke5 gxf5 43. Nb5+ Kd8 44. Nd4 1-0

[Event "Oberliga Ost B 2016 2017"]
[Site "Germany"]
[Date "2017.05.06"]
[Round "10.4"]
[White "Reichel, Norbert"]
[Black "Nehmert, Ulrich"]
[Result "1/2-1/2"]
[WhiteElo "2131"]
[BlackElo "2324"]
[PlyCount "21"]
[EventDate "2016.10.16"]
[EventType "team-tourn"]
[EventCountry "GER"]
[WhiteTeam "Erfurt SV Medizin"]
[BlackTeam "Wiesbadener SV"]
[WhiteTeamCountry "GER"]
[BlackTeamCountry "GER"]

1. c4 c5 2. Nc3 g6 3. g3 Bg7 4. Bg2 Nc6 5. Nf3 d6 6. O-O e5 7. a3 Nge7 8. Ne1
Be6 9. d3 O-O 10. Nc2 Qd7 11. Ne3 1/2-1/2

[Event "Oberliga Ost B 2016 2017"]
[Site "Germany"]
[Date "2017.05.06"]
[Round "10.5"]
[White "Gottschalk, Jens"]
[Black "Jakob, Matthias"]
[Result "0-1"]
[WhiteElo "2282"]
[BlackElo "2068"]
[PlyCount "66"]
[EventDate "2016.10.16"]
[EventType "team-tourn"]
[EventCountry "GER"]
[WhiteTeam "Wiesbadener SV"]
[BlackTeam "Erfurt SV Medizin"]
[WhiteTeamCountry "GER"]
[BlackTeamCountry "GER"]

1. d4 Nc6 2. Nf3 d6 3. g3 Nf6 4. Bg2 Bg4 5. O-O Qd7 6. c4 g6 7. Nc3 Bg7 8. b3
Bh3 9. Re1 h5 10. Bxh3 Qxh3 11. Ng5 Qg4 12. e4 Qd7 13. Bf4 Ng4 14. e5 e6 15.
exd6 Bxd4 16. Nce4 e5 17. h3 O-O-O 18. Bd2 f5 19. hxg4 fxe4 20. Rxe4 Qxd6 21.
Nf7 Qf6 22. Rxd4 Nxd4 23. Nxd8 Rxd8 24. gxh5 Nf3+ 25. Kg2 Nxd2 26. Qg4+ Kb8 27.
hxg6 Qc6+ 28. Kg1 Rh8 29. f3 Nxf3+ 30. Kf2 Rh2+ 31. Ke3 Qc5+ 32. Kd3 Rd2+ 33.
Kc3 Qa5+ 0-1